000 00237nam a22000977a 4500
999 _c16252
_d16252
003 OSt
008 200626b ||||| |||| 00| 0 eng d
100 _aകെ സുരേന്ദ്രൻ
_94650
245 _aജ്വാല
942 _cBK